00761nam a22002297a 4500003000400000005001700004008004100021020002100062040002900083050002500112100001700137245004800154250001000202260008400212300000800296650005000304650004400354700005000398700005100448942001500499999001700514OSt20260512093416.0260512b |||||||| |||| 00| 0 eng d a978-1337-40629-1 cChuka University Library aRC 455. C67 2019 C.2 aCorey Gerald aIssues & Ethics IN THE HELPING PROFFESSIONS aTENTH aAustralia Brazil Singapore united Kingdom United StatesbCENGAGE Learningc2019 a522 aPsychotherapists Professional Ethics 924190 aCounsellors Professional Ethics924191 aMarianne Schneider Corey (Consultant )924192 aCindy Corey (Multicultural Consultant )924193 2lcccBKn0 c21938d21938